France Euro 2021 Squad - Statistics

General Stats
  • This quiz has been taken 46 times
  • The average score is 22 of 26
Answer Stats
Position Club Player % Correct
GK Tottenham Hotspur Hugo Lloris
100%
MF Manchester United Paul Pogba
100%
FW FC Barcelona Antoine Griezmann
97%
FW PSG Kylian Mbappe
97%
FW FC Barcelona Ousmane Dembele
97%
FW Real Madrid Karim Benzema
94%
DF Real Madrid Raphael Varane
94%
MF Juventus Adrien Rabiot
91%
DF Bayern Munich Benjamin Pavard
89%
FW Chelsea Olivier Giroud
89%
MF Bayern Munich Kingsley Coman
86%
DF Bayern Munich Lucas Hernandez
86%
MF Chelsea N'Golo Kante
86%
DF PSG Presnel Kimpembe
86%
MF Tottenham Hotspur Moussa Sissoko
83%
GK Olympique Marseille Steve Mandanda
83%
MF Bayern Munich Corentin Tolisso
80%
DF Sevilla FC Jules Kounde
80%
DF Everton Lucas Digne
80%
FW Borussia Monchengladbach Marcus Thuram
80%
DF FC Barcelona Clement Lenglet
77%
GK AC Milan Mike Maignan
77%
MF Atletico Madrid Thomas Lemar
77%
FW AS Monaco Wissam Ben Yedder
71%
DF Chelsea Kurt Zouma
69%
DF Olympique Lyon Leo Dubois
51%
No matching quizzes found
Score Distribution
Percent of People with Each Score
Percentile by Number Answered
Your Score History
You have not taken this quiz